Discapacidad Intelectual. Desarrollo, Comunicación e Intervención
保存先:
| 第一著者: | |
|---|---|
| その他の著者: | , |
| フォーマット: | 図書 |
| 言語: | 英語 |
| 出版事項: |
Madrid, España:
CEPE,
2010
|
| シリーズ: | Colección Propuestas Curriculares
|
| 主題: | |
| タグ: |
タグ追加
タグなし, このレコードへの初めてのタグを付けませんか!
|
MARC
| LEADER | 00000nam a22000007a 4500 | ||
|---|---|---|---|
| 003 | CL-VaPUC | ||
| 005 | 20220831150719.0 | ||
| 008 | 220419b2010 ||||| |||| 00| 0 eng d | ||
| 999 | |c 435432 |d 435430 | ||
| 020 | |a 84-7869-401-3 | ||
| 040 | |c Pontificia Universidad Católica de Valparaíso | ||
| 082 | 7 | |a 371.92 GAR 2010 |2 22 | |
| 100 | 1 | |a García Fernández, José Manuel |e coordinador |9 868576 | |
| 245 | |a Discapacidad Intelectual. |b Desarrollo, Comunicación e Intervención | ||
| 260 | |a Madrid, España: |b CEPE, |c 2010 | ||
| 300 | |a 511 páginas | ||
| 490 | |a Colección Propuestas Curriculares | ||
| 500 | |a C1. Donación carrera Educación Especial EDI, adquirido a través de Fondos concursables. | ||
| 583 | |c 20220419 |k Catalogador Asistente | ||
| 650 | |a Niños |x Discapacidad mental |x Educación |9 872722 | ||
| 700 | |a Pérez Cobacho, Juan |e coordinador |9 868577 | ||
| 700 | |a Berruezo Adelantado, Pedro Pablo |e coordinador |9 868578 | ||
| 942 | |2 ddc |c BK | ||
| 952 | |0 0 |1 0 |2 ddc |4 0 |6 371_920000000000000_GAR_2010 |7 0 |8 A |9 582650 |a BIBEDU |b BIBEDU |c GEN |d 2022-04-19 |e Donación |i 5650803 |l 3 |o 371.92 GAR 2010 |p 5650803 |r 2024-06-28 |s 2024-06-25 |t 1 |w 2022-04-19 |y BK |k EDI | ||